| 000 | 00897nam a22002657a 4500 | ||
|---|---|---|---|
| 003 | OSt | ||
| 005 | 20250711160557.0 | ||
| 008 | 200909b1996 ar a|||br|||| 00| 0 spa d | ||
| 020 | _a8420444294 | ||
| 040 |
_aCO-JMCR _cCO-JMCR |
||
| 041 | 0 | _aspa | |
| 082 | 0 | 4 |
_aN _bSIEn _223 |
| 100 | 1 |
_aSierra i Fabra, Jordi, _eautor _98336 |
|
| 245 | 1 | 3 |
_aEl niño que vivía en las estrellas / _cJordi Sierra i Fabra ; ilustraciones de Carme Solé |
| 260 |
_aArgentina : _bAlfaguara, _c1996. |
||
| 300 |
_a112 páginas : _bilustraciones a blanco y negro ; _c20 cm. |
||
| 490 | 1 | _aAlfaguara infantil | |
| 500 | _aDatos biográficos del autor en tapa posterior. | ||
| 505 | 0 | _aEl niño perdido. -- La investigación | |
| 521 |
_aDesde los 12 años. _bLomo. |
||
| 650 | 2 | 4 |
_aPsiquiatras _910001 |
| 650 | 2 | 4 |
_aVida en otros planetas _91680 |
| 700 | 1 |
_aSolé, Carme, _eilustradora _910002 |
|
| 942 |
_2ddc _cBK |
||
| 999 |
_c6828 _d6828 |
||